书目信息 |
| 题名: |
网页动画特效终极指南
|
|
| 作者: | 甘登岱 , 温丽芳 , 徐建平 编著 | |
| 分册: | ||
| 出版信息: | 北京 航空工业出版社 2004.08 |
|
| 页数: | 294页 | |
| 开本: | 26cm | |
| 丛书名: | 电脑新时空系列丛书 | |
| 单 册: | ||
| 中图分类: | TP391.41 , TP393.092 | |
| 科图分类: | ||
| 主题词: | 网页--动画--设计--图形软件 | |
| 电子资源: | ||
| ISBN: | 7-80183-403-8 | |
| 000 | 01042nam 2200289 450 | |
| 001 | 0138563906 | |
| 005 | 20050922163249.27 | |
| 010 | @a7-80183-403-8@dCNY25.00 | |
| 100 | @a20050114d2004 km y0chiy0120 ea | |
| 101 | 0 | @achi |
| 102 | @aCN@b110000 | |
| 105 | @aa z 000yy | |
| 200 | 1 | @a网页动画特效终极指南@Awang ye dong hua te xiao zhong ji zhi nan@f甘登岱, 温丽芳, 徐建平编著@Fgan deng dai,wen li fang,xu jian ping bian zhu |
| 210 | @a北京@c航空工业出版社@d2004.08 | |
| 215 | @a294页@c图@d26cm | |
| 225 | 2 | @a电脑新时空系列丛书 |
| 300 | @a北京金企鹅文化发展中心策划 | |
| 330 | @a本书针对网页动画制作软件Flash MX 的使用方法与技巧,结合实例,对各种动画特效、各种文字特效,及鼠标跟随特效等内容进行了介绍。 | |
| 410 | 0 | @12001 @a电脑新时空系列丛书 |
| 606 | 0 | @a网页@x动画@x设计@x图形软件 |
| 690 | @aTP391.41@v4 | |
| 690 | @aTP393.092@v4 | |
| 701 | 0 | @a甘登岱@Agan deng dai@4编著 |
| 701 | 0 | @a温丽芳@Awen li fang@4编著 |
| 701 | 0 | @a徐建平@Axu jian ping@4编著 |
| 801 | 0 | @aCN@bQSSK@c20050922 |
| 905 | @a10447@dTP393.092@eG020 | |
| 网页动画特效终极指南/甘登岱, 温丽芳, 徐建平编著.-北京:航空工业出版社,2004.08 |
| 294页:图;26cm.-(电脑新时空系列丛书) |
| 北京金企鹅文化发展中心策划 |
| ISBN 7-80183-403-8:CNY25.00 |
| 本书针对网页动画制作软件Flash MX 的使用方法与技巧,结合实例,对各种动画特效、各种文字特效,及鼠标跟随特效等内容进行了介绍。 |
| ● |
| 相关链接 |
|
|
|
正题名:网页动画特效终极指南
索取号:TP393.092/G020
 
预约/预借
| 序号 | 登录号 | 条形码 | 馆藏地/架位号 | 状态 | 备注 |
| 1 | 525350 | 205253508 | 自科二线404/301自科库 121排1列4层/ [索取号:TP393.092/G020] | 在馆 | |
| 2 | 525351 | 205253517 | 自科库301/301自科库 125排2列3层/ [索取号:TP393.092/G020] | 在馆 | |
| 3 | 525352 | 205253526 | 自科库301/301自科库 125排2列3层/ [索取号:TP393.092/G020] | 在馆 |